| 000 | 00933nam a22001577a 4500 | ||
|---|---|---|---|
| 008 | 140820b xxu||||| |||| 00| 0 eng d | ||
| 020 | _a817211222X | ||
| 050 | _aHG1709.S8 | ||
| 100 | _aShroff, Firdos Temurap. | ||
| 245 |
_aModern b@nking technology. / _cFirdos Temurap Shroff |
||
| 260 |
_aNew Delhi: _bNorthern Book Centre, _c2008. |
||
| 300 |
_alvii, 252p.: _bill.; _c25cm. |
||
| 500 | _aIncludes index and appendix. | ||
| 505 | _aContents: Role and impact of technology -- Technological change in Indian banking industry -- RTGS: a revolution in information technology -- Cheque truncation and e-Cheques -- India vision - 2020 - Dr. APJ Abdul Kakam, Hon'ble president of India -- Executive summary - IBA report -- Information technology act,2000 - Issues -- E-Learning -- Banking-Based Information Services (BITeS) -- Financial (1991)/Banking (1998) sector reforms: multiple choice question bank -- Annexures. | ||
| 942 |
_2lcc _cBK |
||
| 999 |
_c3530 _d11030 |
||